书目信息 |
| 题名: |
唐诗三百首
|
|
| 作者: | 蘅塘退士 编 | |
| 分册: | ||
| 出版信息: | 北京 中内民族大学出版社 2001.10 |
|
| 页数: | 25页 | |
| 开本: | 20cm | |
| 丛书名: | 中国文学传世范本 | |
| 单 册: | ||
| 中图分类: | I222 | |
| 科图分类: | ||
| 主题词: | 诗歌--中国 , 韵文--中国 | |
| 电子资源: | ||
| ISBN: | 7-81056-584-2 | |
| 000 | 00644nam0 2200229 450 | |
| 001 | 0733688260 | |
| 005 | 20070409103331.76 | |
| 010 | @a7-81056-584-2@dCNY25.00 | |
| 100 | @a20070321d2001 km y0chiy0120 ea | |
| 101 | 0 | @achi |
| 102 | @aCN@b110000 | |
| 200 | 1 | @a唐诗三百首@Atang shi san bai shou@f蘅塘退士编@Fheng tang tui shi bian |
| 210 | @a北京@c中内民族大学出版社@d2001.10 | |
| 215 | @a25页@d20cm | |
| 225 | 2 | @a中国文学传世范本 |
| 410 | 0 | @12001 @a中国文学传世范本 |
| 606 | 0 | @a诗歌@x中国 |
| 606 | 0 | @a韵文@x中国 |
| 690 | @aI222@v3 | |
| 701 | 0 | @a蘅塘退士@Aheng tang tui shi@4编 |
| 801 | 0 | @aCN@c20070409 |
| 905 | @a10447@dI222@eH386 | |
| 唐诗三百首/蘅塘退士编.-北京:中内民族大学出版社,2001.10 |
| 25页;20cm.-(中国文学传世范本) |
| ISBN 7-81056-584-2:CNY25.00 |
| ● |
| 相关链接 |
|
|
|
正题名:唐诗三百首
索取号:I222/H386
 
预约/预借
| 序号 | 登录号 | 条形码 | 馆藏地/架位号 | 状态 | 备注 |
| 1 | 449647 | 204496474 | 社科二线422/422社科库 19排1列1层/ [索取号:I222/H386] | 在馆 | |
| 2 | 449648 | 204496483 | 文学库108/400B社科库 26排4列1层/ [索取号:I222/H386] | 在馆 | |
| 3 | 449649 | 204496492 | 社科二线422/422社科库 9排1列5层/ [索取号:I222/H386] | 在馆 | |
| 4 | 449650 | 204496508 | 文学库108/ [索取号:I222/H386] | 在馆 | |
| 5 | 449651 | 204496517 | 文学库108/108文学库 16排1列1层/ [索取号:I222/H386] |
已借出,限还日期为2026.08.15 借出人:郑力玮 |
|
| 6 | 449652 | 204496526 | 文学库108/108文学库 12排6列2层/ [索取号:I222/H386] |
已借出,限还日期为2027.10.13 借出人:常洪利 |